Catalog

Record Details

Catalog Search


Search Results Showing Item 2 of 4

Available copies

  • 1 of 1 copy available at Headquarters.

Current holds

0 current holds with 1 total copy.

Location Call Number / Copy Notes Barcode Shelving Location Status Due Date
Dansoman Library 201 650/MAR 000000765350 600 - Technology-How things are made, Human Body, Health & Disease, Pets, Farms, Cars, Cooking Available -

Record details

  • ISBN: 9781471847769
  • Physical Description: paperback
  • Publisher: London HODDER EDUCATION 2015
Subject: Business
LDR 00620cam a2200205Ka 4500
00176430
003HQ
00520210118111958.0
008070101s xxka er 0 eng d
020 . ‡a9781471847769
037 . ‡aBook Aid
082 . ‡a650/MAR
100 . ‡a Ian Marcouse
245 . ‡aEdexcel Business A Level Year 1 : Including AS
260 . ‡aLondon ‡bHODDER EDUCATION ‡c2015
300 . ‡apaperback
650 . ‡aBusiness
901 . ‡a76430 ‡bAUTOGEN ‡c76430 ‡tbiblio
Search Results Showing Item 2 of 4

Additional Resources